Exposición 'Galas femeninas de los siglos XVIII y XIX', en el Museo téxtil de Tarrassa
Publicado:
San Jorge, núm. 96 - 97 (juliol 1976), pàg 88 :
MARC
| LEADER | 00000nam a2200000Ia 4500 | ||
|---|---|---|---|
| 001 | |||
| 008 | 160829s9999 xx 000 0 cat d | ||
| 245 | |a Exposición 'Galas femeninas de los siglos XVIII y XIX', en el Museo téxtil de Tarrassa | ||
| 260 | |a San Jorge, núm. 96 - 97 (juliol 1976), pàg 88 | ||
| 650 | |a Museu Tèxtil de Terrassa | ||
| 650 | |a Roba de vestir de dona |x Exposicions |9 44714 | ||
| 901 | |a Arxiu | ||
| 942 | |n 1 | ||
| 952 | |0 0 |1 0 |4 0 |7 1 |9 52133 |a Arxiu |b Arxiu |d 2016-12-01 |l 0 |r 2016-12-01 00:00:00 |w 2016-12-01 |y ARXIU | ||
| 999 | |c 55981 |d 55981 | ||